[Event "Stuttgart-chA"]
[Site "Stuttgart"]
[Date "2003.??.??"]
[Round "?"]
[White "Vollmer, Oliver"]
[Black "Albers, Frank"]
[Result "1/2-1/2"]
[WhiteElo "1895"]
[BlackElo "2145"]
[PlyCount "105"]
[EventDate "2003.??.??"]
[EventType "swiss"]
[EventRounds "9"]
[EventCountry "GER"]
[SourceTitle "EXT 2007"]
[Source "ChessBase"]
[SourceDate "2006.11.23"]
[SourceVersion "1"]
[SourceVersionDate "2006.11.23"]
[SourceQuality "1"]

1. d4 Nf6 2. Nf3 Ne4 3. Bf4 d6 4. Nbd2 Bf5 5. e3 Nxd2 6. Qxd2 g6 7. Bc4 Bg7 8. e4 Bg4 9. Bh6 0-0 10. Bxg7 Kxg7 11. 0-0-0 Bxf3 12. gxf3 c6 13. h4 h5 14. Bd3 Nd7 15. f4 e5 16. dxe5 dxe5 17. fxe5 Nxe5 18. Qc3 Qf6 19. Kb1 Nxd3 20. Qxd3 Rad8 21. Qg3 Rxd1+ 22. Rxd1 Rd8 23. Rxd8 Qxd8 24. a3 f6 25. e5 Qd1+ 26. Ka2 Qd5+ 27. b3 Qxe5 28. Qd3 Kf7 29. Qd7+ Qe7 30. Qd4 c5 31. Qf4 Kg7 32. Qa4 b6 33. Qf4 g5 34. hxg5 fxg5 35. Qf3 Kg6 36. Qc6+ Qf6 37. Qe8+ Kh6 38. Qe3 h4 39. a4 Kh5 40. a5 Qf5 41. Qe2+ Kh6 42. axb6 axb6 43. f3 b5 44. Kb1 b4 45. Qa6+ Kh5 46. Qe2 g4 47. Qe8+ Kg5 48. Qe3+ Kf6 49. fxg4 Qxg4 50. Qxc5 h3 51. Qf2+ Kg5 52. Qe3+ Kh4 53. Qf2+ 1/2-1/2

[Event "Passau op 7th"]
[Site "Passau"]
[Date "1999.04.03"]
[Round "4"]
[White "Meschke, Oliver"]
[Black "Albers, Frank"]
[Result "1/2-1/2"]
[WhiteElo "1775"]
[BlackElo "1765"]
[PlyCount "61"]
[EventDate "1999.04.02"]
[EventType "swiss"]
[EventRounds "7"]
[EventCountry "GER"]
[SourceTitle "EXT 2000"]
[Source "ChessBase"]
[SourceDate "1999.11.16"]
[SourceVersion "1"]
[SourceVersionDate "1999.11.16"]
[SourceQuality "1"]

1. f4 e5 2. fxe5 d6 3. exd6 Bxd6 4. Nf3 g5 5. g3 h5 6. d4 f6 7. Qd3 Ne7 8. Nbd2 Bf5 9. e4 Bg6 10. Qb5+ Nbc6 11. Bc4 a6 12. Qb3 g4 13. Nh4 Nxd4 14. Qd3 Bh7 15. 0-0 Bc5 16. Kh1 Nec6 17. a3 Qe7 18. Nf5 Nxf5 19. exf5 Ne5 20. Qd5 Rd8 21. Qe6 Nxc4 22. Qxe7+ Kxe7 23. Nxc4 Bxf5 24. Be3 Be4+ 25. Kg1 Bxe3+ 26. Nxe3 Rd2 27. Rae1 Kf7 28. Rf2 Rxf2 29. Kxf2 Bf3 30. Nf5 Re8 31. Rxe8 1/2-1/2